| 000 | 01243nam a2200325Ia 4500 | ||
|---|---|---|---|
| 001 | ebr10196986 | ||
| 003 | CaPaEBR | ||
| 006 | m u | ||
| 007 | cr cn||||||||| | ||
| 008 | 070108s2007 enk s 001 0 eng d | ||
| 020 | _z9780335221554 (hbk.) : | ||
| 020 | _z0335221556 (hbk.) : | ||
| 020 | _z9780335221547 (pbk.) : | ||
| 020 | _z0335221548 (pbk.) : | ||
| 040 |
_aCaPaEBR _cCaPaEBR |
||
| 035 | _a(OCoLC)614471919 | ||
| 050 | 1 | 4 |
_aRC281.C4 _bG75 2007eb |
| 082 | 0 | 4 |
_a362.19892994 _222 |
| 100 | 1 |
_aGrinyer, Anne, _d1950- |
|
| 245 | 1 | 0 |
_aYoung people living with cancer _h[electronic resource] : _bimplications for policy and practice / _cAnne Grinyer. |
| 260 |
_aMaidenhead : _bMcGraw-Hill/Open University Press, _c2007. |
||
| 300 | _axiv, 182 p. | ||
| 500 | _aIncludes index. | ||
| 533 |
_aElectronic reproduction. _bPalo Alto, Calif. : _cebrary, _d2009. _nAvailable via World Wide Web. _nAccess may be limited to ebrary affiliated libraries. |
||
| 650 | 0 | _aCancer in adolescence. | |
| 650 | 0 | _aCancer in children. | |
| 655 | 7 |
_aElectronic books. _2local |
|
| 710 | 2 | _aebrary, Inc. | |
| 856 | 4 | 0 |
_uhttp://site.ebrary.com/lib/rucke/Doc?id=10196986 _zAn electronic book accessible through the World Wide Web; click to view |
| 999 |
_c115642 _d115642 |
||